東武鉄道のご当地メロディー - Statistics

General Stats
  • This quiz has been taken 6 times
  • The average score is 10 of 44
Answer Stats
Hint Answer % Correct
オラはにんきもの
83%
野田線系統 オラはにんきもの
83%
ファイターズ讃歌
83%
オープニングカリヨン
83%
渡良瀬橋
67%
突き進め柏
67%
チュニジア
67%
The Day
67%
スカイツリーライン系統 ソラカラちゃんダンス!
50%
東武動物公園のテーマ
50%
伊勢崎線系統 東武動物公園のテーマ
50%
日光線系統 東武動物公園のテーマ
50%
アンゴラ
50%
ソラカラちゃんテーマソング
17%
カリフォルニア・シャワー
17%
東武ワールドスクウェアテーマソング
17%
ジョージ・イタリアーノ
17%
人の優しさ・小江戸感
17%
出かける人を応援
17%
阿波踊りのお囃子
0%
東上線系統 立教大学校歌「栄光の立教」
0%
立教池袋中学校校歌
0%
立教小学校準校歌「立教生が歩む道」
0%
大東文化大学校歌
0%
立教新座中学校・高等学校校歌
0%
笑一笑 ~シャオイーシャオ!~
0%
桜花爛漫
0%
旅の楽しみ・期待感
0%
ふるさとへの想い(おかえり)
0%
ぼたん音頭
0%
東松山市歌
0%
トラベリング
0%
BEAM
0%
Blue Moon Night
0%
MABOROSHI SUMMER
0%
MATSURI BAYASHI
0%
MONSTER DANCE
0%
立教大学第二応援歌「St. Paul’s will shine tonight」
0%
Sumeer Venus
0%
wasted
0%
YGB
0%
走れ!-ZZ ver-
0%
行くぜっ!怪盗少女-ZZ ver-
0%
ニッポン笑顔百景-ZZ ver-
0%
No matching quizzes found
Score Distribution
Percent of People with Each Score
Percentile by Number Answered
Your Score History
You have not taken this quiz